STN EN 14303: 2017 (72 7239), Tepelnoizolačné výrobky pre technické zariadenia budov a priemyselné inštalácie. Prefabrikované výrobky z minerálnej vlny (MW). Špecifikácia
Táto norma je slovenskou verziou európskej normy EN 14303: 2015. Preklad zabezpečil Úrad pre normalizáciu, metrológiu a skúšobníctvo Slovenskej republiky. Táto norma má rovnaké postavenie, ako majú oficiálne verzie
| Corporate Author: | |
|---|---|
| Other Authors: | |
| Format: | Book |
| Language: | Slovak English |
| PhysicalDescription: | 40 s. tab. 30 cm |
| Published: |
Bratislava
Úrad pre normalizáciu, metrológiu a skúšobníctvo Slovenskej republiky
2017
|
| Subjects: |
MARC
| LEADER | 00000cam a2200000 a 4500 | ||
|---|---|---|---|
| 001 | vtls011606369 | ||
| 003 | SK-MaSNL | ||
| 005 | 20260301140230.0 | ||
| 008 | 170125s2017 xo a f u 000 0 slo | ||
| 015 | |a SNBN2017 | ||
| 040 | |a SNK |b slo |c SNK |e AACR2 | ||
| 041 | 1 | |a slo |h eng | |
| 044 | |a xo |c SK | ||
| 046 | |a s |m 20170101 (účin.) | ||
| 072 | 7 | |a 699.8 |x Ochrana budov |2 konspekt | |
| 080 | |a 699.86 |2 2011 | ||
| 080 | |a 006.7/.8 |2 2001 | ||
| 080 | |a (437.6) |2 2001 | ||
| 080 | |a (4) |2 2001 | ||
| 080 | |a (083.742) |2 2011 | ||
| 080 | |a 699.86-03 |2 2001 | ||
| 084 | |a 91.100.60 |2 ICS | ||
| 130 | 0 | |a STN 72 4239 (STN EN 14303) |9 492650 | |
| 245 | 1 | 0 | |a STN EN 14303: 2017 (72 7239), Tepelnoizolačné výrobky pre technické zariadenia budov a priemyselné inštalácie. Prefabrikované výrobky z minerálnej vlny (MW). Špecifikácia |
| 246 | 1 | 0 | |a Tepelnoizolačné výrobky pre technické zariadenia budov a priemyselné inštalácie |
| 246 | 1 | 0 | |a Prefabrikované výrobky z minerálnej vlny (MW) |
| 246 | 3 | 0 | |a EN 14303: 2015 SK |
| 260 | |a Bratislava |b Úrad pre normalizáciu, metrológiu a skúšobníctvo Slovenskej republiky |c 2017 | ||
| 300 | |a 40 s. |b tab. |c 30 cm | ||
| 500 | |a Súbežný názov v angličtine, francúzštine, nemčine | ||
| 500 | |a Spracovateľ: Technický a skúšobný ústav stavebný Bratislava, Anna Paulíková | ||
| 500 | |a Táto norma nahrádza anglickú verziu STN EN 14303 z júla 2016, ktorá od 1.7.2016 nahradila STN EN 14303+A1 z júla 2013 v celom rozsahu | ||
| 504 | |a Normatívne referenčné dokumenty, súvisiace právne predpisy s. 2-3 ; literatúra s. 40 | ||
| 520 | 8 | |a Táto norma je slovenskou verziou európskej normy EN 14303: 2015. Preklad zabezpečil Úrad pre normalizáciu, metrológiu a skúšobníctvo Slovenskej republiky. Táto norma má rovnaké postavenie, ako majú oficiálne verzie | |
| 540 | |a STN vydané na akomkoľvek nosiči sa môžu rozmnožovať a rozširovať iba so súhlasom určenej právnickej osoby |b SÚTN Bratislava |c zákon 264/1999 Z. z. | ||
| 650 | 0 | 7 | |a tepelná ochrana budov |2 SNKPH |9 67166 |
| 650 | 0 | 7 | |a technické normy a štandardy |z Slovensko |2 SNKPH |9 79594 |
| 650 | 0 | 7 | |a technické normy a štandardy |z krajiny Európskej únie |2 SNKPH |9 289341 |
| 650 | 0 | 7 | |a Thermal protection of buildings |2 SNKPHeng |9 299380 |
| 650 | 0 | 7 | |a izolačné materiály |2 SNKPH |9 69079 |
| 650 | 0 | 7 | |a Insulating materials |2 SNKPHeng |9 312391 |
| 655 | 7 | |a normy |2 SNKPH |9 70643 | |
| 700 | 1 | |a Paulíková, Anna |4 trl |9 311559 | |
| 710 | 1 | |a Slovensko. |b Úrad pre normalizáciu, metrológiu a skúšobníctvo |4 stn |9 158117 | |
| 710 | 2 | |a Slovenský ústav technickej normalizácie (Bratislava, Slovensko). |b Technická komisia č. 58 Tepelná ochrana budov |4 stn |9 314601 | |
| 710 | 2 | |a Technický a skúšobný ústav stavebný (Bratislava, Slovensko) |4 trl |9 123563 | |
| 852 | |a Štátna vedecká knižnica v Banskej Bystrici | ||
| 958 | |a OP | ||
| 958 | |a NB | ||
| 999 | |c 762939 |d 764869 | ||
| 952 | |a SNK |b SNK |y PREZ |7 0 |p 17A1252453 |o snkSTN EN 14303 |i snk2017/3150 |8 0 |0 0 |1 0 |4 0 |d 2017-02-03 |l 0 |r 2026-02-24 00:10:04 |w 2026-02-24 | ||
| 952 | |a SNK |b SNK |y PREZ |7 0 |p 17A1252452 |o snkSTN EN 14303 D1 |i snk2017/3151 |8 0 |0 0 |1 0 |4 0 |d 2017-02-03 |l 0 |r 2026-02-24 00:10:04 |w 2026-02-24 | ||


